Geography by Picture - U - Statistics

General Stats
  • This quiz has been taken 203 times
  • The average score is 11 of 18
Answer Stats
Picture Hint Answer % Correct
country United Kingdom
98%
U.S. State Utah
94%
country United Arab Emirates
84%
type of area Urban Area
84%
flag name Union Jack
80%
country Uganda
78%
rock formation Uluru
77%
Russian mountain range Urals
77%
animal Unicorn
75%
country Ukraine
72%
capital city Ulaanbaatar
68%
language Urdu
64%
region (in red) Umbria
52%
institution University
42%
former empire {Umayyad} Caliphate
25%
peninsula Upper Peninsula
19%
former country name Upper Volta
11%
island Upolu
2%
No matching quizzes found
Score Distribution
Percent of People with Each Score
Percentile by Number Answered
Your Score History
You have not taken this quiz